El arte de conspirar (Record no. 173009)

MARC details
000 -LEADER
campo de control de longitud fija 00811nam a22001935i 4500
001 - NÚMERO DE CONTROL
campo de control 173009
003 - IDENTIFICADOR DE NÚMERO DE CONTROL
campo de control ES-MaACL
005 - FECHA Y HORA DE LA ÚLTIMA TRANSACCIÓN
campo de control 20231226145009.0
008 - DATOS DE LONGITUD FIJA--INFORMACIÓN GENERAL
campo de control de longitud fija 091005s1835 sp |||| | spa d
100 1# - ENTRADA PRINCIPAL--NOMBRE DE PERSONA
Nombre de persona Scribe, Eugène.
9 (RLIN) 104966
245 13 - MENCIÓN DEL TÍTULO
Título El arte de conspirar
Resto del título : comedia en cinco actos y en prosa /
Mención de responsabilidad, etc. traducida del francés por Ramón de Arriala.
260 ## - PUBLICACIÓN, DISTRIBUCIÓN, ETC.
Lugar de publicación, distribución, etc. Madrid :
Nombre del editor, distribuidor, etc. [s.n.],
Fecha de publicación, distribución, etc. 1835 (
Fabricante Imp. de Repullés)
300 ## - DESCRIPCIÓN FÍSICA
Extensión 116 p. ;
Dimensiones 15 cm.
593 ## -
-- Encabezamiento tomado de Palau: Eugène Scribe.
593 ## -
-- Ramón de Arriala es pseud. de Mariano José de Larra.
700 1# - ENTRADA AGREGADA--NOMBRE PERSONAL
Nombre de persona Larra, Mariano José de,
Fechas asociadas al nombre 1809-1837
9 (RLIN) 70287
852 ## - LOCALIZACIÓN
Ubicación ES-MaACL
Número de control de estantería F-8603(1)
Nota libre .- Enc. en vol. facticio formando parte de la col. facticia "Teatro español moderno", vol. 56
Holdings
Estatus retirado Estado de pérdida Estado de daño No para préstamo Colección Biblioteca de origen Biblioteca actual Ubicación en estantería Fecha de adquisición Fuente de adquisición Total de préstamos Signatura topográfica completa Código de barras Visto por última vez Precio de reemplazo Tipo de ítem Koha
        Libros del s. XIX Biblioteca del Ateneo de Madrid Biblioteca del Ateneo de Madrid Sala Pecera Planta 2 05/10/2009     F-8603(1) 1181539 23/02/2023 23/02/2023 Libro impreso antiguo